000 00541nam a2200181Ia 4500
008 240729s9999 xx 000 0 und d
022 _a2771-5892
245 0 _aIntelligent Computing
260 _aUnited States
260 _bAmerican Association for the Advancement of Science (AAAS)
650 _a Electronic computers. Computer science
650 _a Instruments and machines
650 _a Mathematics
650 _aScience
856 _uhttps://doaj.org/toc/0f6e6224c5f84d1789211831025baf4b
942 _2ddc
942 _cDOAJEJ
999 _c68632
_d68632
945 _a1
_bMadushi Gamage
_c1
_dMadushi Gamage